000 00441nam a22001811a 4500
001 18639
003 OSt
005 20260204212415.0
008 180413s2016||||spa||||||b||||||||||spa||
020 _a9788431331085
082 _a100 H539f
100 _aHerce,Rubén
245 _aFilosofía de la ciencia/Rubén Herce
264 _aPamplona:Universidad de Navarra
300 _a130 p
650 _aFilosofía-CienciaÌ
942 _2ddc
_cBK
999 _c18639
_d18639